Normal view
MARC view
Entry Personal Name
001 - CONTROL NUMBER
- control field: 50682
003 - CONTROL NUMBER IDENTIFIER
- control field: dpl
005 - DATE AND TIME OF LATEST TRANSACTION
- control field: 20120801124540.0
008 - FIXED-LENGTH DATA ELEMENTS
- fixed length control field: 120801|||a|||||| | ||| d
040 ## - CATALOGING SOURCE
- Original cataloging agency: dpl
- Transcribing agency: dpl
100 ## - HEADING--PERSONAL NAME
- Personal name: Sudan, K.K.
670 ## - SOURCE DATA FOUND
- Source citation: Work cat.: (dpl)68723: Sudan, K.K., Face to face destiny, 2008
670 ## - SOURCE DATA FOUND
- Source citation: Work cat.: (dpl)68723: Sudan, K.K., Face to face destiny, 2008
